[Event "SWE-chT2 0708"]
[Site "Sweden"]
[Date "2007.10.20"]
[Round "1"]
[White "Fendrich, David"]
[Black "Jaderberg, Bjorn"]
[Result "1-0"]
[WhiteElo "2287"]
[BlackElo "2246"]
[PlyCount "73"]
[EventDate "2007.10.20"]
[EventType "team"]
[EventRounds "9"]
[EventCountry "SWE"]
[SourceTitle "EXT 2009"]
[Source "ChessBase"]
[SourceDate "2008.11.26"]
[SourceVersion "1"]
[SourceVersionDate "2008.11.26"]
[SourceQuality "1"]
[WhiteTeam "Manhem II"]
[BlackTeam "Farsta"]
[WhiteTeamCountry "SWE"]
[BlackTeamCountry "SWE"]

1. g3 c5 2. c4 g6 3. Bg2 Bg7 4. Nc3 Nc6 5. a3 Nf6 6. Rb1 d6 7. b4 0-0 8. Nh3 Ne5 9. d3 Rb8 10. Nf4 b6 11. bxc5 dxc5 12. a4 Bb7 13. Bxb7 Rxb7 14. a5 Nfg4 15. Ne4 Qa8 16. 0-0 Rd8 17. Qa4 Nd7 18. Nd5 Ngf6 19. Nexf6+ Nxf6 20. Nxf6+ Bxf6 21. Ba3 Qc8 22. axb6 Rxb6 23. Qxa7 Ra6 24. Qxc5 Qg4 25. Bb2 Qxe2 26. Bxf6 Rxf6 27. d4 Rf5 28. d5 Ra8 29. Rbe1 Qg4 30. Rxe7 Rh5 31. Rfe1 Kg7 32. Qc7 Qf3 33. d6 Ra2 34. Rxf7+ Qxf7 35. Re7 Rxf2 36. Rxf7+ Rxf7 37. d7 1-0

[Event "Pelaro op"]
[Site "Pelaro"]
[Date "2002.06.11"]
[Round "4"]
[White "Fendrich, David"]
[Black "Akesson, Joel"]
[Result "0-1"]
[WhiteElo "2197"]
[BlackElo "2234"]
[PlyCount "52"]
[EventDate "2002.06.08"]
[EventType "swiss"]
[EventRounds "5"]
[EventCountry "SWE"]
[SourceTitle "EXT 2003"]
[Source "ChessBase"]
[SourceDate "2002.11.25"]
[SourceVersion "1"]
[SourceVersionDate "2002.11.25"]
[SourceQuality "1"]

1. c4 Nf6 2. g3 g6 3. Bg2 Bg7 4. Nc3 0-0 5. Rb1 c6 6. e4 d5 7. d3 dxe4 8. Nxe4 Nxe4 9. Bxe4 Nd7 10. b4 a5 11. a3 Ne5 12. f4 f5 13. fxe5 fxe4 14. d4 Be6 15. c5 Bxe5 16. Bh6 Bg7 17. Bxg7 Kxg7 18. Ne2 Rf3 19. Nf4 Bf7 20. Rf1 axb4 21. Rxf3 exf3 22. d5 g5 23. Qd4+ Kg8 24. Rxb4 gxf4 25. d6 exd6 26. Rxb7 Qe8+ 0-1

[Event "Pelaro op"]
[Site "Pelaro"]
[Date "2002.06.09"]
[Round "2"]
[White "Fendrich, David"]
[Black "Helin, Mikael"]
[Result "1-0"]
[WhiteElo "2197"]
[BlackElo "2016"]
[PlyCount "97"]
[EventDate "2002.06.08"]
[EventType "swiss"]
[EventRounds "5"]
[EventCountry "SWE"]
[SourceTitle "EXT 2003"]
[Source "ChessBase"]
[SourceDate "2002.11.25"]
[SourceVersion "1"]
[SourceVersionDate "2002.11.25"]
[SourceQuality "1"]

1. c4 c5 2. Nc3 Nc6 3. g3 g6 4. Bg2 Bg7 5. a3 e5 6. b4 d6 7. Rb1 Nge7 8. d3 h6 9. e3 0-0 10. Nge2 g5 11. 0-0 f5 12. f4 exf4 13. exf4 gxf4 14. Bxf4 Ng6 15. Nd5 Nge5 16. Qd2 Kh7 17. h3 Rb8 18. Be3 b6 19. Nef4 Qe8 20. b5 Na5 21. Qe2 Rb7 22. Bd2 Nexc4 23. dxc4 Qxe2 24. Nxe2 Nxc4 25. Bc1 Be5 26. a4 Rg7 27. Bf4 Be6 28. Kh2 Bxf4 29. Nexf4 Bf7 30. Rfe1 Ne3 31. Nc3 Nxg2 32. Kxg2 Bc4 33. Rbd1 Rfg8 34. Re3 Rd7 35. Ncd5 Bxd5+ 36. Rxd5 a6 37. Re6 axb5 38. axb5 Ra7 39. Rdxd6 Ra2+ 40. Ne2 Rg7 41. Rxb6 Rd7 42. Kf2 Rb2 43. Rxh6+ Kg7 44. Rhg6+ Kh7 45. Rgc6 Re7 46. Re6 Rd7 47. Re5 c4 48. Rc6 Rc2 49. b6 1-0

[Event "Pelaro op"]
[Site "Pelaro"]
[Date "2002.06.08"]
[Round "1"]
[White "Kinnmark, Ove"]
[Black "Fendrich, David"]
[Result "1/2-1/2"]
[WhiteElo "2364"]
[BlackElo "2197"]
[PlyCount "52"]
[EventDate "2002.06.08"]
[EventType "swiss"]
[EventRounds "5"]
[EventCountry "SWE"]
[SourceTitle "EXT 2003"]
[Source "ChessBase"]
[SourceDate "2002.11.25"]
[SourceVersion "1"]
[SourceVersionDate "2002.11.25"]
[SourceQuality "1"]

1. e4 c5 2. Nf3 e6 3. d4 cxd4 4. Nxd4 a6 5. Bd3 Bc5 6. Nb3 Be7 7. 0-0 Qc7 8. c4 Nf6 9. Nc3 0-0 10. f4 d6 11. Be3 Nbd7 12. Rc1 b6 13. g4 Nc5 14. Nxc5 bxc5 15. g5 Nd7 16. Rc2 Re8 17. h4 Nb8 18. Rg2 Nc6 19. h5 Rb8 20. b3 Bf8 21. Bc1 Qa5 22. Bd2 Qd8 23. Rg3 Rb7 24. Bb1 Rd7 25. Bc1 Bb7 26. Qg4 Nd4 1/2-1/2